Gender, family and society

Αποθηκεύτηκε σε:
Λεπτομέρειες βιβλιογραφικής εγγραφής
Κύριος συγγραφέας: Elliot, Faith Robertson
Μορφή: Βιβλίο
Γλώσσα:English
Δημοσίευση: London : Macmillan , c1996
Θέματα:
Ετικέτες: Προσθήκη ετικέτας
Δεν υπάρχουν, Καταχωρήστε ετικέτα πρώτοι!

MARC

LEADER 00000nam a2200000 i 4500
001 1/65029
008 990107s1996 eng d
020 |a 0-333-52430-6 
035 |l 10047065 
040 |a GR-MY-UA  |b gre  |e aacr 
041 0 |a eng 
082 0 |a 306.85 
100 1 |a Elliot, Faith Robertson. 
245 1 0 |a Gender, family and society /  |c Faith Robertson Elliot ; Consultant editor Jo Campling 
260 |a London :   |b Macmillan ,   |c c1996 
300 |a 268 p.  |b tables 
504 |a Includes bibliographical references and indexes 
650 0 0 |a Family. 
650 0 0 |a Family  |z Great Britain. 
650 0 0 |a Sex role. 
650 0 0 |a Sex role  |z Great Britain. 
852 |a INST  |b LESVOS  |e 19990107  |h 306.85 ELL  |p 005100017210  |q 005100017210  |t BK  |y 0 
852 |a INST  |b RHODES  |e 19990603  |h 306.85 ELL  |p 005400011499  |q 005400011499  |t BK  |y 0 
901 |a BIBL-1999-1 
901 |a BIBL4-1999-2 
909 |a Λ  |b 060358 
909 |a Ρ  |b 044878 
922 |a 1ΕΛΗ  |b 199811  |c ΚΠΣ/ΤΚ  |d ΠΑΠΑΣΩΤΗΡΙΟΥ 
922 |a 4ΕΛΗ  |b 199512  |c ΒΙΤΣΙΛΑΚΗ 
950 |a  103-1998-07-27